00877nam a2200205Ia 4500003000400000005001700004008004100021020001500062040002100077041000800098082002200106110004200128245014400170260006800314300004800382490003600430504003700466505013800503650003000641OSt20200415171629.0191128s2006 ck ad gr 000 0dspa d a9588025777 aCO-JMCRcCO-JMCR0 aspa04a303.44 / bD266f 2 aDepartamento Nacional de Planeación20aFundamentar el crecimiento y el desarrollo social en la ciencia, la tecnología y la innovación /cDepartamento Nacional de Planeación aBogotá : bDepartamento Nacional de Planeación DNPP, c2006 axvi, 67 páginas : bgráficas ; c28 cm.0 aVisión Colombia II Centenario aBibliografía: páginas 61-66. aDe dónde vinimos y dónde estamos -- Visión estrátegica y principios fundamentales -- Metas y programas -- Plan de Inversiones14aDesarrollo social Ciencia